[Event "VIII Open Autunno"]
[Site "Robecchetto con Induno ITA"]
[Date "2011.11.24"]
[Round "6"]
[White "Puricelli, Giancarlo"]
[Black "Barrera, Pietro"]
[Result "0-1"]
[WhiteElo "1586"]
[BlackElo "1876"]
[PlyCount "70"]
[EventDate "2011.10.20"]

1. d4 g6 2. Nf3 Bg7 3. e4 d6 4. Nbd2 Nd7 5. Bd3 a6 6. a4 b6 7. O-O Bb7 8. Re1
e5 9. dxe5 dxe5 10. Nc4 Qe7 11. b3 O-O-O 12. Qe2 Kb8 13. Ba3 Qe8 14. Ne3 Ka7
15. a5 b5 16. c4 c6 17. cxb5 cxb5 18. Bxb5 axb5 19. Qxb5 Rc8 20. Nc4 Ba6 21.
Qd5 Ngf6 22. Qd2 Bxc4 23. bxc4 Bf8 24. Bxf8 Qxf8 25. a6 Qe7 26. Reb1 Rb8 27.
Rb7+ Ka8 28. Qe3 Qc5 29. Qc3 Rhc8 30. Rc1 Rc7 31. Rxb8+ Nxb8 32. Qb2 Nbd7 33.
Nd2 Qd4 34. Qa2 Ra7 35. Qa5 Nc5 0-1

[Event "VIII Open Autunno"]
[Site "Robecchetto con Induno ITA"]
[Date "2011.11.24"]
[Round "6"]
[White "Redamante, Marzio"]
[Black "Sartorio, Alessandro"]
[Result "1-0"]
[WhiteElo "1345"]
[BlackElo "1275"]
[PlyCount "83"]
[EventDate "2011.10.20"]

1. d4 Nf6 2. c4 g6 3. Nc3 Bg7 4. e3 O-O 5. Nf3 d6 6. Bd3 Bg4 7. h3 Bxf3 8. Qxf3
Nbd7 9. Qxb7 e5 10. b3 exd4 11. exd4 Qe7+ 12. Be3 c5 13. O-O Rfb8 14. Qf3 cxd4
15. Bxd4 Ne5 16. Bxe5 dxe5 17. Rad1 Re8 18. Ne4 Nh5 19. Rfe1 f5 20. Ng3 e4 21.
Nxe4 fxe4 22. Bxe4 Rad8 23. Bd5+ Rxd5 24. Qxd5+ Qf7 25. Rxe8+ Bf8 26. Qxf7+
Kxf7 27. Red8 Nf4 28. R1d7+ Kg8 29. Rxa7 Ne6 30. Re8 Ng7 31. Rc8 Nf5 32. Raa8
Ne7 33. Rxf8+ Kg7 34. Rfd8 Nc6 35. Rd7+ Kh6 36. Rh8 Ne5 37. Rhxh7+ Kg5 38. Rd5
Kf6 39. Rxe5 Kxe5 40. a4 Kd6 41. a5 Kc6 42. a6 1-0

[Event "VIII Open Autunno"]
[Site "Robecchetto con Induno ITA"]
[Date "2011.11.24"]
[Round "6"]
[White "Saccani, Ettore"]
[Black "Libutti, Michele"]
[Result "1/2-1/2"]
[WhiteElo "1741"]
[BlackElo "1751"]
[PlyCount "60"]
[EventDate "2011.10.20"]

1. e4 c6 2. d4 d5 3. Nc3 dxe4 4. Nxe4 Nd7 5. Bc4 Ngf6 6. Ng5 e6 7. Qe2 Nb6 8.
c3 Nxc4 9. Qxc4 Bd6 10. N1f3 h6 11. Nh3 Qc7 12. Bd2 O-O 13. O-O-O b5 14. Qd3 a5
15. g4 Nxg4 16. Rhg1 e5 17. dxe5 Nxe5 18. Nxe5 Bxe5 19. Bxh6 Bxh3 20. Rxg7+
Bxg7 21. Rg1 f5 22. Rxg7+ Qxg7 23. Bxg7 Kxg7 24. Qxh3 Rf6 25. Qg3+ Kf7 26. h4
Rh8 27. Qc7+ Kg6 28. Qg3+ Kf7 29. Qg5 Rg8 30. Qf4 Rh8 1/2-1/2

[Event "VIII Open Autunno"]
[Site "Robecchetto con Induno ITA"]
[Date "2011.11.24"]
[Round "6"]
[White "Santarelli, Sabatino"]
[Black "Turchi, Alessandro"]
[Result "1/2-1/2"]
[WhiteElo "1616"]
[BlackElo "1602"]
[PlyCount "96"]
[EventDate "2011.10.20"]

1. e4 e6 2. d4 d5 3. Nd2 dxe4 4. Nxe4 Bd7 5. Nf3 Bc6 6. Bd3 Nd7 7. c3 Be7 8.
O-O Bxe4 9. Bxe4 c6 10. Re1 Ngf6 11. Bc2 O-O 12. h3 Qc7 13. Bg5 Rfe8 14. Qd3 g6
15. Rad1 Rad8 16. Qe3 Nd5 17. Qc1 Bxg5 18. Nxg5 Qf4 19. Qxf4 Nxf4 20. Ne4 Nb6
21. Nf6+ Kg7 22. Nxe8+ Rxe8 23. b3 Nbd5 24. c4 Nc3 25. Rd2 a5 26. a4 b5 27.
axb5 cxb5 28. Re5 bxc4 29. Rxa5 cxb3 30. Bxb3 Rd8 31. Bc4 Nb1 32. Rd1 Nc3 33.
Rd2 Nb1 34. Raa2 Nxd2 35. Rxd2 Nd5 36. Bxd5 Rxd5 37. f4 f6 38. Kf2 e5 39. fxe5
fxe5 40. Ke3 Rxd4 41. Rxd4 exd4+ 42. Kxd4 Kf6 43. Ke4 Kg5 44. Kf3 Kh4 45. Kf2
g5 46. Kf3 h6 47. Kf2 h5 48. Kf3 g4+ 1/2-1/2

[Event "VIII Open Autunno"]
[Site "Robecchetto con Induno ITA"]
[Date "2011.11.24"]
[Round "6"]
[White "Testa, Loris"]
[Black "Melino, Gianluca"]
[Result "1-0"]
[WhiteElo "1845"]
[BlackElo "1742"]
[PlyCount "55"]
[EventDate "2011.10.20"]

1. e4 g6 2. d4 Bg7 3. Nc3 d6 4. f4 e6 5. Nf3 Ne7 6. Bd3 a6 7. Be3 b5 8. e5 d5
9. Qe2 Nd7 10. g4 Bb7 11. Rf1 Qc8 12. Ng5 c5 13. Bxb5 axb5 14. Nxb5 O-O 15. Nd6
Qc7 16. f5 Nxe5 17. dxe5 Bxe5 18. Qf2 f6 19. Nxb7 fxg5 20. Nxc5 Bxh2 21. O-O-O
Rxa2 22. f6 Ra1+ 23. Kd2 Qa5+ 24. Ke2 Qb5+ 25. Nd3 Ra2 26. f7+ Rxf7 27. Qxf7+
Kh8 28. Qxe7 1-0

[Event "VIII Open Autunno"]
[Site "Robecchetto con Induno ITA"]
[Date "2011.11.24"]
[Round "6"]
[White "Trenti, Alessandro"]
[Black "Turini, Gianluca"]
[Result "1/2-1/2"]
[WhiteElo "1641"]
[BlackElo "1837"]
[PlyCount "133"]
[EventDate "2011.10.20"]

1. e4 c6 2. Nf3 d5 3. exd5 cxd5 4. d4 Bg4 5. Be2 Nc6 6. Be3 e6 7. a3 Bd6 8.
Nbd2 Nf6 9. Nb3 Qc7 10. h3 Bh5 11. Bd3 O-O 12. g4 Bg6 13. Bxg6 fxg6 14. Qe2
Rae8 15. O-O-O Bf4 16. Kb1 b6 17. Rhf1 Ne4 18. Nfd2 Bxe3 19. Qxe3 Rf4 20. Nxe4
Rxe4 21. Qc3 Qd6 22. Rde1 Rf4 23. Re3 a5 24. a4 Nb4 25. Qd2 Qd7 26. c3 Na6 27.
Qe2 Nc7 28. c4 Qxa4 29. cxd5 Nxd5 30. Rf3 Rxf3 31. Qxf3 Nb4 32. Kc1 Qc6+ 33.
Qxc6 Nxc6 34. Rd1 Rd8 35. Kc2 a4 36. Nd2 Nxd4+ 37. Kc1 Nb3+ 38. Nxb3 Rxd1+ 39.
Kxd1 axb3 40. Kd2 Kf7 41. g5 e5 42. Kc3 Ke6 43. Kxb3 Kd5 44. Kc3 Ke4 45. Kc4
Kf3 46. Kd5 e4 47. b4 Kxf2 48. Kxe4 Kg3 49. Kd5 h6 50. gxh6 gxh6 51. Kc6 g5 52.
Kxb6 Kxh3 53. b5 g4 54. Kc6 g3 55. b6 g2 56. b7 g1=Q 57. b8=Q Qg2+ 58. Kd7 h5
59. Ke6 h4 60. Kf5 Qf3+ 61. Ke6 Kg2 62. Qb2+ Qf2 63. Qg7+ Kh2 64. Qe5+ Qg3 65.
Qe2+ Kh3 66. Qf1+ Kh2 67. Qe2+ 1/2-1/2

[Event "VIII Open Autunno"]
[Site "Robecchetto con Induno ITA"]
[Date "2011.12.01"]
[Round "7"]
[White "Libutti, Michele"]
[Black "Novi', Giuseppe"]
[Result "0-1"]
[WhiteElo "1751"]
[BlackElo "1829"]
[PlyCount "130"]
[EventDate "2011.10.20"]

1. d4 e6 2. c4 c5 3. d5 d6 4. Nc3 g6 5. e4 Bg7 6. Nf3 Nf6 7. Be2 O-O 8. O-O
exd5 9. exd5 a6 10. Bf4 Bf5 11. Bd3 Bxd3 12. Qxd3 Nh5 13. Bg5 Qc8 14. Be7 Qd7
15. Bxf8 Kxf8 16. h3 Nf4 17. Qe4 Nh5 18. Rfe1 b5 19. Re2 b4 20. Na4 Nf6 21. Nb6
Nxe4 22. Nxd7+ Nxd7 23. Rxe4 Bxb2 24. Rae1 Ne5 25. Nxe5 Bxe5 26. f4 Bc3 27.
R1e2 a5 28. Re7 Ra6 29. Rb7 Bf6 30. g4 a4 31. g5 Bd4+ 32. Kg2 b3 33. axb3 a3
34. Ra2 Bb2 35. b4 cxb4 36. Rxb4 Bd4 37. Rb8+ Kg7 38. Kf3 Ra4 39. Rc8 h6 40. h4
Bc5 41. Rxc5 dxc5 42. Kg4 h5+ 43. Kf3 Kf8 44. Ke3 Ke7 45. Ke4 Rxc4+ 46. Ke5 Ra4
47. d6+ Kd7 48. f5 gxf5 49. Kxf5 c4 50. Kf6 c3 51. Kxf7 c2 52. Rxc2 a2 53. Rc1
a1=Q 54. Rxa1 Rxa1 55. Kg6 Kxd6 56. Kxh5 Ke7 57. Kh6 Kf8 58. h5 Kg8 59. Kg6
Ra6+ 60. Kf5 Kg7 61. Kf4 Ra5 62. Kg4 Kf7 63. Kf4 Ke6 64. h6 Ra4+ 65. Kg3 Kf7
0-1

[Event "VIII Open Autunno"]
[Site "Robecchetto con Induno ITA"]
[Date "2011.12.01"]
[Round "7"]
[White "Marchesotti, Giovanni"]
[Black "Redamante, Marzio"]
[Result "1/2-1/2"]
[WhiteElo "1599"]
[BlackElo "1345"]
[PlyCount "80"]
[EventDate "2011.10.20"]

1. g3 d5 2. Bg2 e5 3. Nf3 e4 4. Nd4 Nf6 5. d3 exd3 6. cxd3 Be7 7. O-O O-O 8.
Nc3 c6 9. b3 Re8 10. Bb2 Bg4 11. h3 Bh5 12. Nf5 Bb4 13. Bf3 Bxf3 14. exf3 Qd7
15. g4 Qc7 16. a3 Bf8 17. Ne2 Nbd7 18. d4 h6 19. Bc1 Nh7 20. Bf4 Qd8 21. Qd2
Qf6 22. Neg3 Re6 23. Nh5 Qd8 24. Nhg3 Be7 25. Nxe7+ Qxe7 26. Nf5 Qf6 27. Rae1
Rae8 28. Rxe6 Qxe6 29. Nd6 Rb8 30. Re1 Qg6 31. Re7 Ndf6 32. Rxb7 Rxb7 33. Nxb7
Qb1+ 34. Qc1 Qxb3 35. Qxc6 Qd1+ 36. Kg2 Qxd4 37. Qc8+ Nf8 38. Bd6 N6h7 39. Nc5
g6 40. Nd7 Qg7 1/2-1/2

[Event "VIII Open Autunno"]
[Site "Robecchetto con Induno ITA"]
[Date "2011.12.01"]
[Round "7"]
[White "Melino, Gianluca"]
[Black "Alberio, Silvio"]
[Result "1/2-1/2"]
[WhiteElo "1742"]
[BlackElo "1763"]
[PlyCount "95"]
[EventDate "2011.10.20"]

1. d4 Nf6 2. Nf3 g6 3. e3 d5 4. Bd3 Bg7 5. O-O O-O 6. b3 c5 7. Bb2 cxd4 8. exd4
Nc6 9. Re1 Re8 10. Nbd2 a6 11. c4 Nb4 12. Bb1 Bg4 13. a3 Nc6 14. c5 Nd7 15. h3
Bxf3 16. Nxf3 Nxc5 17. b4 Ne6 18. Ba2 Nc7 19. Rc1 e6 20. Rc2 Nb5 21. Bb3 Qb6
22. Rc5 Bf8 23. Rxc6 bxc6 24. Ne5 Bg7 25. Nd7 Qd8 26. Nc5 Qh4 27. g3 Qxh3 28.
a4 Nd6 29. Qe2 Nf5 30. Qd3 Qg4 31. Bd1 Qg5 32. Nxa6 Rec8 33. Nc5 Nd6 34. Bc2
Nc4 35. Bc3 Ra7 36. Qe2 Qf6 37. Qd3 Nd6 38. Qe2 Nf5 39. Bxf5 Qxf5 40. a5 Bf8
41. Nd3 Bd6 42. Nb2 Rb8 43. Qd2 Qf6 44. Kg2 Qe7 45. Nd3 Qf8 46. f4 Qd8 47. Nc5
Bf8 48. Nd3 1/2-1/2

[Event "VIII Open Autunno"]
[Site "Robecchetto con Induno ITA"]
[Date "2011.12.01"]
[Round "7"]
[White "Puricelli, Giancarlo"]
[Black "Saccani, Ettore"]
[Result "1-0"]
[WhiteElo "1586"]
[BlackElo "1741"]
[PlyCount "61"]
[EventDate "2011.10.20"]

1. d4 Nf6 2. Nf3 g6 3. Nbd2 Bg7 4. e4 d6 5. Bd3 O-O 6. c3 c5 7. O-O Nc6 8. d5
Ne5 9. Nxe5 dxe5 10. Nc4 Qc7 11. a4 Bd7 12. b4 cxb4 13. cxb4 Nxe4 14. Bxe4 Qxc4
15. Re1 f5 16. Bc2 Rac8 17. Bb3 Qxb4 18. Ba3 Qb6 19. Bxe7 e4 20. Rb1 Kh8 21.
Bxf8 Bxf8 22. Bc4 Qc7 23. Rc1 Bd6 24. g3 Qa5 25. Bb5 Rxc1 26. Qd4+ Kg8 27. Rxc1
Bxb5 28. Rc8+ Kf7 29. axb5 Qxb5 30. Qh8 Qxd5 31. Qg8+ 1-0

[Event "VIII Open Autunno"]
[Site "Robecchetto con Induno ITA"]
[Date "2011.12.01"]
[Round "7"]
[White "Rutigliano, Cesare"]
[Black "Ruggeri, Igor"]
[Result "1-0"]
[WhiteElo "1717"]
[BlackElo "1510"]
[PlyCount "51"]
[EventDate "2011.10.20"]

1. e4 c5 2. b4 cxb4 3. d4 d6 4. Bd3 Nc6 5. Bb2 Qb6 6. Ne2 Nf6 7. O-O e5 8. d5
Na5 9. Nd2 Be7 10. Ng3 O-O 11. Kh1 Ng4 12. Qe2 Bd7 13. h3 Nh6 14. f4 f5 15.
fxe5 fxe4 16. Qxe4 g6 17. Bd4 Qd8 18. e6 Be8 19. Rxf8+ Bxf8 20. Rf1 Nf5 21.
Nxf5 gxf5 22. Qxf5 Bg6 23. Qg4 Qe8 24. Rf7 Qxf7 25. exf7+ Kxf7 26. Qe6# 1-0

[Event "VIII Open Autunno"]
[Site "Robecchetto con Induno ITA"]
[Date "2011.12.01"]
[Round "7"]
[White "Santarelli, Sabatino"]
[Black "Macchiettini, Pierangelo"]
[Result "1-0"]
[WhiteElo "1616"]
[BlackElo "1756"]
[PlyCount "103"]
[EventDate "2011.10.20"]

1. Nf3 c5 2. e4 d6 3. Bc4 e6 4. O-O Nf6 5. Re1 Be7 6. a3 a6 7. Nc3 Nc6 8. d4
cxd4 9. Nxd4 Bd7 10. h3 O-O 11. Be3 Qc7 12. Nxc6 Bxc6 13. Bd3 Rfd8 14. Qe2 Rac8
15. Rac1 d5 16. exd5 Bxd5 17. Nxd5 Rxd5 18. c4 Rd7 19. Bb1 Rcd8 20. b4 Qe5 21.
Qc2 Qh5 22. Qc3 Ne8 23. Bb6 Bf6 24. Qb3 Rc8 25. Be4 Bd8 26. Bf3 Qg6 27. Be3 Bg5
28. c5 Bxe3 29. Rxe3 Nf6 30. c6 bxc6 31. Rxc6 Rxc6 32. Bxc6 Rd6 33. Bf3 Qg5 34.
Qc3 g6 35. Qc8+ Kg7 36. Qc3 Kg8 37. Qe5 Qxe5 38. Rxe5 Nd7 39. Ra5 f6 40. Kf1 e5
41. Ke2 f5 42. Bb7 Nb8 43. Rxe5 Kf8 44. f4 Nc6 45. Bxc6 Rxc6 46. Kd2 Kf7 47.
Rc5 Rxc5 48. bxc5 Ke6 49. Kc3 Kd5 50. Kb4 Kc6 51. a4 a5+ 52. Kc4 1-0

[Event "VIII Open Autunno"]
[Site "Robecchetto con Induno ITA"]
[Date "2011.12.01"]
[Round "7"]
[White "Sartorio, Alessandro"]
[Black "Di Grazia, Stefano"]
[Result "0-1"]
[WhiteElo "1275"]
[BlackElo "1500"]
[PlyCount "72"]
[EventDate "2011.10.20"]

1. d4 d5 2. c4 dxc4 3. Nc3 e6 4. e4 c5 5. Nf3 cxd4 6. Nxd4 e5 7. Nf3 Qxd1+ 8.
Nxd1 Nc6 9. Bxc4 h6 10. Bb5 Bd7 11. Bxc6 Bxc6 12. Nxe5 Bxe4 13. O-O Nf6 14. Re1
Bb4 15. Nc3 Bxc3 16. bxc3 O-O 17. f3 Bd5 18. Ba3 Rfe8 19. c4 Be6 20. c5 Rac8
21. Nd3 Red8 22. Nf4 Bf5 23. Rac1 Rd2 24. Re7 Rxa2 25. Rc3 g5 26. Bc1 Rd8 27.
Re2 Ra1 28. Re5 Rd1+ 29. Kf2 gxf4 30. Bxf4 Ra2+ 31. Kg3 Nh5+ 32. Kh4 Nxf4 33.
Rxf5 Rd4 34. Rb3 Rxg2 35. h3 Ng6+ 36. Kh5 Rh4# 0-1

[Event "VIII Open Autunno"]
[Site "Robecchetto con Induno ITA"]
[Date "2011.12.01"]
[Round "7"]
[White "Testa, Loris"]
[Black "Trenti, Alessandro"]
[Result "1/2-1/2"]
[WhiteElo "1845"]
[BlackElo "1641"]
[PlyCount "44"]
[EventDate "2011.10.20"]

1. e4 c5 2. Nf3 Nc6 3. d4 cxd4 4. Nxd4 a6 5. Nc3 e6 6. Be2 Nf6 7. Be3 d5 8.
exd5 Nxd5 9. Nxd5 Qxd5 10. Bf3 Qa5+ 11. c3 Qc7 12. Nxc6 bxc6 13. a4 a5 14. Qd4
Bb7 15. Bf4 Qc8 16. O-O c5 17. Bxb7 Qxb7 18. Qe5 Rd8 19. Rad1 Qb6 20. Rfe1 Rxd1
21. Rxd1 f6 22. Qe4 Be7 1/2-1/2

[Event "VIII Open Autunno"]
[Site "Robecchetto con Induno ITA"]
[Date "2011.12.01"]
[Round "7"]
[White "Turchi, Alessandro"]
[Black "Koureas, Panicos"]
[Result "1-0"]
[WhiteElo "1602"]
[BlackElo "1314"]
[PlyCount "79"]
[EventDate "2011.10.20"]

1. d4 Nf6 2. c4 Nc6 3. d5 Ne5 4. e4 d6 5. Nc3 e6 6. f4 Ng6 7. Nf3 exd5 8. f5
dxe4 9. fxg6 exf3 10. gxf7+ Kxf7 11. Qxf3 Bg4 12. Qxb7 Be7 13. Be2 Bc8 14. Qxa8
Re8 15. Qxa7 Bf8 16. O-O Kg8 17. Bg5 Be7 18. Rae1 d5 19. cxd5 Bb4 20. Qa4 Qd6
21. Bxf6 Bd7 22. Bb5 Rxe1 23. Rxe1 Bxb5 24. Qxb5 gxf6 25. Qc6 Qf4 26. Re8+ Kg7
27. Qd7+ Kh6 28. Qh3+ Kg7 29. Qg3+ Qxg3 30. hxg3 h5 31. Nb5 Bd6 32. Nxc7 Kf7
33. Rc8 Bxg3 34. Ne6 h4 35. a4 Be1 36. Ra8 Ke7 37. a5 Bd2 38. a6 Kd6 39. Kh2
Kxd5 40. Rd8+ 1-0

[Event "VIII Open Autunno"]
[Site "Robecchetto con Induno ITA"]
[Date "2011.12.01"]
[Round "7"]
[White "Turini, Gianluca"]
[Black "Barrera, Pietro"]
[Result "0-1"]
[WhiteElo "1837"]
[BlackElo "1876"]
[PlyCount "86"]
[EventDate "2011.10.20"]

1. d4 Nf6 2. c4 Nc6 3. Nc3 e5 4. d5 Ne7 5. e4 Ng6 6. a3 Bc5 7. h3 a6 8. Nf3 d6
9. Bd3 Bd7 10. Bd2 O-O 11. b4 Ba7 12. O-O Qc8 13. Kh2 Nh5 14. Ne2 f5 15. Ng3
Nxg3 16. fxg3 Qe8 17. Qc2 f4 18. g4 h6 19. c5 Ba4 20. Qc3 Rc8 21. Rfc1 Bb5 22.
Qc2 Bd7 23. Be1 Qe7 24. c6 bxc6 25. dxc6 Be6 26. Bxa6 Rcd8 27. Bc4 Bxc4 28.
Qxc4+ Kh8 29. Rd1 d5 30. Rxd5 Rxd5 31. Qxd5 Rd8 32. Qb3 Rd6 33. b5 Qd8 34. Bb4
Rd3 35. Qf7 Rxf3 36. gxf3 Qh4 37. Rg1 Bxg1+ 38. Kxg1 Qg3+ 39. Kf1 Qxf3+ 40. Ke1
Qxe4+ 41. Kf1 Nh4 42. Bf8 Qg2+ 43. Ke1 Nf3+ 0-1